[Event "TUR-chT 1st League"]
[Site "Ankara"]
[Date "2025.07.19"]
[Round "8.48"]
[White "Ahlatli, Yusuf"]
[Black "Ilgililer, Bertug"]
[Result "1/2-1/2"]
[WhiteElo "1641"]
[BlackElo "1946"]
[PlyCount "144"]
[EventDate "2025.07.14"]
[EventType "team-swiss"]
[EventRounds "9"]
[EventCountry "TUR"]
[SourceTitle "CB30_2025"]
[SourceDate "2025.07.23"]
[SourceVersion "1"]
[SourceVersionDate "2025.07.23"]
[SourceQuality "1"]
[WhiteTeam "Dogru Hamle Genclik"]
[BlackTeam "Beyazkale Satranc"]
[WhiteTeamCountry "TUR"]
[BlackTeamCountry "TUR"]

1. e4 c5 2. Nf3 e6 3. d3 Nc6 4. g3 g6 5. Bg2 Bg7 6. a4 Nge7 7. 0-0 0-0 8. Re1 a6 9. c3 d5 10. exd5 exd5 11. Bg5 h6 12. Bxe7 Nxe7 13. d4 c4 14. b3 cxb3 15. Qxb3 Nc6 16. Nbd2 Na5 17. Qb4 Be6 18. Nb3 Nxb3 19. Qxb3 Rb8 20. Ne5 Qd6 21. Nxg6 Rfc8 22. Nf4 Rc4 23. Nxe6 fxe6 24. Bf1 Rc6 25. Rad1 Qd7 26. Bg2 Kh8 27. Rd3 Rf8 28. Rb1 Rc4 29. Ra1 Rfc8 30. a5 Qc6 31. Bh3 Rxc3 32. Rxc3 Qxc3 33. Qxc3 Rxc3 34. Bxe6 Bxd4 35. Rd1 Bc5 36. Rxd5 Rc2 37. Rf5 b6 38. axb6 Bxb6 39. Rf8+ Kg7 40. Rf7+ Kg6 41. Bf5+ Kxf7 42. Bxc2 Kf6 43. Kg2 a5 44. Kf3 Bd4 45. h4 Bc5 46. Ke2 Bb4 47. g4 Bd6 48. Kf3 Bc5 49. Kg3 Bb4 50. f4 Be1+ 51. Kh3 Bd2 52. g5+ hxg5 53. hxg5+ Kg7 54. Kg4 Bc3 55. Kf5 Bd2 56. Bb3 Bc1 57. Kg4 Bd2 58. Kf3 Bc1 59. Ke4 Bd2 60. Ke5 Bc3+ 61. Ke6 Bd2 62. Kf5 Bc1 63. Kg4 Bd2 64. f5 Bc3 65. Kf4 Bd2+ 66. Kg4 Bc3 67. Kh5 Bb2 68. Kg4 Bc3 69. Kf3 Bd2 70. f6+ Kg6 71. Kg4 Bxg5 72. Bc2+ Kxf6 1/2-1/2

[Event "TUR-chT 1st League"]
[Site "Ankara"]
[Date "2025.07.14"]
[Round "1.30"]
[White "Ahlatli, Yusuf"]
[Black "Ozcan, Ilker"]
[Result "0-1"]
[WhiteElo "1641"]
[BlackElo "2082"]
[PlyCount "80"]
[EventDate "2025.07.14"]
[EventType "team-swiss"]
[EventRounds "9"]
[EventCountry "TUR"]
[SourceTitle "CB30_2025"]
[SourceDate "2025.07.23"]
[SourceVersion "1"]
[SourceVersionDate "2025.07.23"]
[SourceQuality "1"]
[WhiteTeam "Dogru Hamle Genclik"]
[BlackTeam "Resul Caner Satranc"]
[WhiteTeamCountry "TUR"]
[BlackTeamCountry "TUR"]

1. d4 Nf6 2. c4 g6 3. Nf3 Bg7 4. g3 0-0 5. Bg2 d5 6. 0-0 dxc4 7. Ne5 c5 8. dxc5 Qc7 9. Nxc4 Qxc5 10. Ncd2 Nc6 11. Nc3 Rd8 12. Qb3 Qh5 13. Nf3 h6 14. Be3 Ng4 15. Rad1 Nxe3 16. fxe3 Be6 17. Qxb7 Qc5 18. Qb5 Qxe3+ 19. Kh1 Rdc8 20. Rd3 Qb6 21. Qxb6 axb6 22. a3 Rab8 23. Rfd1 b5 24. b4 Nxb4 25. axb4 Rxc3 26. Rxc3 Bxc3 27. Nd4 Rd8 28. e3 Bc4 29. Bf3 e5 30. Nc2 Rxd1+ 31. Bxd1 Bd3 32. Kg1 f5 33. Kf2 Kf7 34. Ne1 Bc4 35. Nf3 Ke6 36. Ne1 Bxb4 37. Nc2 Bc5 38. Ke1 b4 39. Kd2 b3 40. Ne1 Bb4+ 0-1

[Event "TUR-chT 1st League"]
[Site "Konya"]
[Date "2022.08.27"]
[Round "8.9"]
[White "Ugur, Can Atakan"]
[Black "Ahlatli, Yusuf"]
[Result "1-0"]
[WhiteElo "1807"]
[BlackElo "1049"]
[PlyCount "77"]
[EventDate "2022.08.22"]
[EventType "team-swiss"]
[EventRounds "9"]
[EventCountry "TUR"]
[SourceTitle "CBM 209 Extra"]
[Source "ChessBase"]
[SourceDate "2022.09.30"]
[SourceVersion "1"]
[SourceVersionDate "2022.09.30"]
[SourceQuality "1"]
[WhiteTeam "Bogazici Universitesi"]
[BlackTeam "Dogru Hamle Genclik"]
[WhiteTeamCountry "TUR"]
[BlackTeamCountry "TUR"]

1. d4 Nf6 2. Bg5 Ne4 3. Bf4 d5 4. e3 Bf5 5. Nd2 Nxd2 6. Qxd2 e6 7. Nf3 Bd6 8. Bg3 Qe7 9. Bd3 Bxd3 10. Qxd3 c6 11. a3 Bxg3 12. hxg3 h6 13. Qb3 Na6 14. Ne5 0-0-0 15. Qa4 Qc7 16. b4 Kb8 17. Nd3 Rhe8 18. Qb3 Qb6 19. a4 Nc7 20. 0-0 f6 21. Rfb1 a6 22. Nc5 e5 23. c3 Ne6 24. Qc2 Nxc5 25. bxc5 Qa5 26. Rb6 Re7 27. Rab1 Ka8 28. R1b4 Rdd7 29. Qh7 Ka7 30. Qg8 Rc7 31. Qd8 exd4 32. cxd4 Red7 33. Rxb7+ Rxb7 34. Qxa5 Rxb4 35. Qxb4 Rb7 36. Qa5 g5 37. g4 Rb1+ 38. Kh2 Rb7 39. Qd8 1-0

[Event "TUR-chT 1st League"]
[Site "Konya"]
[Date "2022.08.26"]
[Round "7.7"]
[White "Ahlatli, Yusuf"]
[Black "Kaplan, Bahadir"]
[Result "0-1"]
[WhiteElo "1049"]
[BlackElo "1919"]
[PlyCount "96"]
[EventDate "2022.08.22"]
[EventType "team-swiss"]
[EventRounds "9"]
[EventCountry "TUR"]
[SourceTitle "CBM 209 Extra"]
[Source "ChessBase"]
[SourceDate "2022.09.30"]
[SourceVersion "1"]
[SourceVersionDate "2022.09.30"]
[SourceQuality "1"]
[WhiteTeam "Dogru Hamle Genclik"]
[BlackTeam "Bulancak Ihsaniye Genclik"]
[WhiteTeamCountry "TUR"]
[BlackTeamCountry "TUR"]

1. Nf3 Nf6 2. g3 g6 3. Bg2 Bg7 4. 0-0 0-0 5. c4 c6 6. d4 d5 7. cxd5 cxd5 8. Nc3 Nc6 9. Ne5 Bf5 10. e3 Rc8 11. Qb3 Na5 12. Qa3 a6 13. Bd2 Nc4 14. Nxc4 Rxc4 15. Qb3 b5 16. a4 e6 17. axb5 axb5 18. Rfc1 Rc8 19. Nxb5 Rb8 20. Bf1 Ne4 21. Ba5 Qf6 22. Bc7 Nd2 23. Qd1 Be4 24. f4 Nf3+ 25. Kf2 Rb7 26. h3 g5 27. Bd3 gxf4 28. Bxf4 Ng5 29. Bf1 Rfb8 30. Kg1 Nf3+ 31. Kf2 Ng5 32. Qh5 h6 33. Rc5 Bg6 34. Qh4 Ne4+ 35. Kg1 Ng5 36. Be2 Bd3 37. Qg4 Bxb5 38. Bxb5 Rxb5 39. Bxb8 Nf3+ 40. Qxf3 Qxf3 41. Rxb5 Qxe3+ 42. Kh1 Qf3+ 43. Kg1 Bxd4+ 44. Kh2 Qe2+ 45. Kh1 Qxb5 46. Bf4 Kh7 47. g4 Qxb2 48. Rf1 Qe2 0-1

[Event "TUR-chT 1st League"]
[Site "Konya"]
[Date "2022.08.23"]
[Round "2.8"]
[White "Ahlatli, Yusuf"]
[Black "Turkmen, Ataberk"]
[Result "0-1"]
[WhiteElo "1049"]
[BlackElo "1958"]
[PlyCount "56"]
[EventDate "2022.08.22"]
[EventType "team-swiss"]
[EventRounds "9"]
[EventCountry "TUR"]
[SourceTitle "CBM 209 Extra"]
[Source "ChessBase"]
[SourceDate "2022.09.30"]
[SourceVersion "1"]
[SourceVersionDate "2022.09.30"]
[SourceQuality "1"]
[WhiteTeam "Dogru Hamle Genclik"]
[BlackTeam "Genc Akademisyenler"]
[WhiteTeamCountry "TUR"]
[BlackTeamCountry "TUR"]

1. d4 Nf6 2. Nf3 e6 3. c4 Bb4+ 4. Bd2 Qe7 5. Nc3 0-0 6. e3 d6 7. a3 Bxc3 8. Bxc3 Ne4 9. Bd3 Nxc3 10. bxc3 e5 11. Qc2 f5 12. e4 Nd7 13. 0-0 f4 14. Ne1 Nf6 15. f3 g5 16. g3 Bh3 17. Ng2 Kh8 18. Kh1 Rg8 19. gxf4 gxf4 20. Rg1 Nh5 21. Bf1 Rg6 22. Ra2 Rag8 23. Qc1 Qh4 24. Bd3 Ng3+ 25. hxg3 Bxg2+ 26. Kxg2 Rxg3+ 27. Kf2 Rxg1+ 28. Ke2 R8g2# 0-1